| 000 | 00891cam a22002655a 4500 | ||
|---|---|---|---|
| 001 | L159192 | ||
| 008 | 160315s2016 xxk f 000 0 eng d | ||
| 020 | _a978111908576 | ||
| 035 | _a(Sirsi) u159192 | ||
| 041 | 0 | _aeng | |
| 050 | 0 | 4 | _a690.23 |
| 100 | 1 | _aNgwira, Malawi | |
| 245 | 0 | 0 | _aPublic sector property asset management |
| 260 | _axi 193p ; 24 cm | ||
| 520 | _aLooks at the concept of asset management in the public sector, the development of asset management strategies and implementation of asset management practices in organisations. Concludes with advice on developing an asset management plan. | ||
| 590 | _aKA | ||
| 650 | 2 | 4 | _aASSET MANAGEMENT |
| 650 | 2 | 4 | _aPUBLIC SECTOR |
| 651 | 4 | _aENGLAND AND WALES | |
| 690 |
_aFacilities management _96240 |
||
| 690 | _aBusiness and management | ||
| 690 |
_aInvestments _96250 |
||
| 700 | 1 | _aManase, David | |
| 942 | _n0 | ||
| 999 |
_c115731 _d115731 |
||